| 000 | 00649nam a2200205Ia 4500 | ||
|---|---|---|---|
| 003 | GCL | ||
| 008 | 140319s9999 xx 000 0 ara d | ||
| 040 |
_aGCL / _cGCL |
||
| 082 | 0 | 4 |
_a811.1 _bع ش |
| 100 | 1 | _aعمر شرف الدين | |
| 245 | 1 | 0 |
_aالشعر فى طلال المناذرة والغساسنة / _cعمر شرف الدين |
| 260 |
_a[S.N] : _bالهيئة المصرية العامة للكتاب ، _c1987 |
||
| 490 | _a | ||
| 650 | 0 | 4 | _aالشعر العربى |
| 650 | 0 | 4 | _aالعصر الجاهلى |
| 650 | 0 | 4 | _aدواوين وقصائد |
| 650 | 0 | 4 | _aالمناذرة |
| 650 | 0 | 4 | _aالغساسنة |
| 942 |
_2ddc _cBK |
||
| 999 |
_c31164 _d31164 |
||